000 00501nam a2200181Ia 4500
005 20250508161507.0
008 008 250505s9999 xx 000 0 eng d
037 _aBooks to be hide in OPAC
040 _aFEDL
_beng
_cFEDL
041 _aeng
_2eng
084 _a370, GAN/O
_qFEDL
100 _aGandhi M K
245 0 _aMedium of instruction
260 _aAhmedabad, India
_bNavjivan Prakashan Mandir
_c1954
300 _a23p.
942 _cHB
_h370, GAN/O
999 _c1370301
_d1370301